000 00412nam a22001337a 4500
008 160229b xxu||||| |||| 00| 0 eng d
050 _aREF G 1023.M60
100 _aMoore, George Wilfred
_922537
245 _aThe Penguin encyclopedia of places
_cWilfred George Moore
260 _aEngland
_bPenguin Books
_c1971
300 _a835p.;
_c20cm.
650 _aGeography
_922538
_xDictionaries
942 _2lcc
_cREFERENCE
999 _c124237
_d124237